Guess the Analog Horror Web-Series (with images) - Statistics

General Stats
  • This quiz has been taken 56 times
  • The average score is 10 of 20
Answer Stats
Picture Answer % Correct
The Backrooms
88%
The Mandela Catalogue
86%
The Walten Files
81%
Local 58
60%
The Monument Mythos
60%
The Smile Tapes
51%
Gemini Home Entertainment
49%
GREYLOCK
49%
Petscop
49%
The Oldest View
49%
Five Nights At Freddy's VHS
47%
Marble Hornets
44%
Vita Carnis
44%
BLUE_CHANNEL
35%
UrbanSpook
35%
Angel Hare
33%
Harmony & Horror
33%
alantutorial
23%
Daisy Brown
21%
ECKVA
16%
No matching quizzes found
Score Distribution
Percent of People with Each Score
Percentile by Number Answered
Your Score History
You have not taken this quiz